=LDR 00000nam 2200000 4500 =001 INLIS000000000021797 =005 20130612120624 =008 ***********************************Ind** =035 ##$$0010-061300000021797 =041 ##$$a Ind =082 ##$$a 330.182 =090 ##$$a 330.182, Sit a =100 ##$$a Sitorus, Ec. T =245 ##$$a Analisa matematika ekonomi, Ec. T. Sitorus =260 ##$$a 1974 $b Bandung =300 ##$$a 160 hlm, 21 cm =650 ##$$a Analisa Matematika =850 ##$$a NBPNMAT